Bockeshyute pranaya kathakal (Record no. 1033364)

MARC details
000 -LEADER
fixed length control field 00584nam a2200229Ia 4500
003 - CONTROL NUMBER IDENTIFIER
control field OSt
005 - DATE AND TIME OF LATEST TRANSACTION
control field 20221005115100.0
008 - FIXED-LENGTH DATA ELEMENTS--GENERAL INFORMATION
fixed length control field 221004b |||||||| |||| 00| 0 ita d
037 ## - SOURCE OF ACQUISITION
Terms of availability Textual
040 ## - CATALOGING SOURCE
Original cataloging agency CRL
Transcribing agency CRL
Language of cataloging ita
041 ## - LANGUAGE CODE
Source of code ita
Language code of text/sound track or separate title ita
100 ## - MAIN ENTRY--PERSONAL NAME
Personal name Mecheri
9 (RLIN) 627081
245 #0 - TITLE STATEMENT
Title Bockeshyute pranaya kathakal
260 ## - PUBLICATION, DISTRIBUTION, ETC.
Date of publication, distribution, etc. 1952
650 ## - SUBJECT ADDED ENTRY--TOPICAL TERM
Topical term or geographic name entry element ITALIAN LITERATURE
9 (RLIN) 62212
942 ## - ADDED ENTRY ELEMENTS (KOHA)
Classification part O121,3H13x, 32J2
Koha item type Textual
Source of classification or shelving scheme
Holdings
Withdrawn status Lost status Damaged status Not for loan Home library Current library Date acquired Total Checkouts Full call number Barcode Date last seen Price effective from Koha item type Public note
        Central Library Central Library 2022-10-05   O121,3H13x 32J2 CL0161973 2022-10-05 2022-10-05 Textual Translated from Italina to Malyalam
Copyright @ Delhi University Library System